Top 15 des pays avec les décès de Covid-19 - 15 octobre - Statistiques

Statistiques générales
  • Ce quiz a été pris 35 fois
  • Le résultat moyen est 12 sur 20
Statistiques - réponses
pays % Correct
France
100%
Espagne
94%
Etats-Unis
94%
Italie
86%
Brésil
77%
Inde
77%
Russie
74%
Mexique
71%
Royaume-Uni
63%
Argentine
57%
Belgique
49%
Chili
43%
Colombie
43%
Pérou
43%
Suède
37%
Afrique du Sud
34%
Équateur
34%
Iran
34%
Bolivie
26%
Panama
20%
Aucun quiz correspondant
Distribution des résultats
% des personnes avec chaque résultat
Percentile par nombre de réponses
Votre historique - résultats
Vous n’avez pas pris ce quiz